000 00565nam a2200217Ia 4500
005 20250508163952.0
008 008 250505s9999 xx 000 0 eng d
020 _a81-7063-161-0
037 _aTextBook
040 _aFEDL
_beng
_cFEDL
041 _aeng
_2eng
084 _a371.2, AGG
_qFEDL
100 _aAggarwal J C
245 0 _aSchool administration
260 _aDelhi, India
_bArya Book Depot
_c2002
300 _a375p
365 _aINR
_b160
650 _aSchool Administration
942 _cTB
_h371.2, AGG
999 _c1386350
_d1386350